Statistics for Countries of the World Without Africa and Asia

Click here to take the quiz!

General Stats

  • This quiz has been taken 11 times
  • The average score is 79 of 91

Answer Stats

Answer% Correct
Andorra
100%
Austria
100%
Belgium
100%
Brazil
100%
Canada
100%
Chile
100%
Colombia
100%
Denmark
100%
Germany
100%
Greece
100%
Luxembourg
100%
Mexico
100%
Norway
100%
Paraguay
100%
Portugal
100%
Spain
100%
Switzerland
100%
United States of America
100%
Uruguay
100%
Albania
91%
Antigua and Barbuda
91%
Bahamas
91%
Barbados
91%
Bulgaria
91%
Croatia
91%
Cuba
91%
Czech Republic
91%
Dominica
91%
Finland
91%
France
91%
Guyana
91%
Hungary
91%
Ireland
91%
Italy
91%
Jamaica
91%
Liechtenstein
91%
Malta
91%
Monaco
91%
Montenegro
91%
Netherlands
91%
Nicaragua
91%
North Macedonia
91%
Peru
91%
Poland
91%
Romania
91%
San Marino
91%
Serbia
91%
Sweden
91%
Trinidad and Tobago
91%
United Kingdom
91%
Venezuela
91%
Argentina
82%
Australia
82%
Belarus
82%
Belize
82%
Bosnia and Herzegovina
82%
Costa Rica
82%
Dominican Republic
82%
Ecuador
82%
El Salvador
82%
Fiji
82%
Grenada
82%
Guatemala
82%
Haiti
82%
Honduras
82%
Iceland
82%
Latvia
82%
Moldova
82%
Panama
82%
Saint Lucia
82%
Slovakia
82%
Slovenia
82%
Suriname
82%
Ukraine
82%
Bolivia
73%
Estonia
73%
Marshall Islands
73%
Micronesia
73%
New Zealand
73%
Palau
73%
Papua New Guinea
73%
Saint Kitts and Nevis
73%
Saint Vincent and the Grenadines
73%
Samoa
73%
Solomon Islands
73%
Lithuania
64%
Nauru
64%
Tonga
64%
Tuvalu
64%
Vanuatu
64%
Kiribati
55%

Score Distribution

Percentile by Number Answered

Percent of People with Each Score

Your Score History

You have not taken this quiz